01940nac a22003011u 4500999001500000003000900015005001700024008004100041035001900082040004300101082002000144100005600164240002300220245016700243264006500410300005500475336002600530337002800556338002700584490002100611505071200632650006701344651001001411653002201421655002401443942002201467952014901489 c2991d2991EG-ScBUE20210527143320.0200219n19uu enk f 000 0deng d a(OCoLC)6322648 aEG-ScBUEbengerdacEG-ScBUEdEG-ScBUE04a822.33bSHA2221 aShakespeare, William,‏ d1564-1616,eauthor.10aWorks.kSelections14aThe works of William Shakespeare :bwith a memoir, glossary, erc. : prepared from the texts of the first folio and the quartos, compared with recent commentators. 1aLondon ;aNew York :bFrederick Warne and Co., Ltd.,c[19--] a10 volumes :bfront (v. 10: port.) plates.c21 cm. 2rdacontentatextbtxt 2rdamediaaunmediatedbn 2rdacarrieravolumebnc0 aChandos classics0 av. 1. Life of William Shakespeare, by J.O. Halliwell-Phillipps. Henry VI, pt. 1-3.-- v. 2. Two gentlemen of Verona. Comedy of errors. Richard II. Richard III.--v. 3. Love's labor's lost. Merchant of Venice. Midsummer night's dream. Romeo and Juliet.--v. 4. King John. Taming of the shrew. Henry IV, pt. 1-2.--v. 5. Henry v. As you like it. Much ado about nothing. Hamlet.--v. 6. Merry wives of Windsor. Troilus and Cressida.- Measure for measure. Henry VIII.--v. 7 Othello. King Lear. All's well that ends well. Macbeth.--v. 8 Julius Caesar.Twelfth night. Antony and Cleopatra. Cymbeline.-v. 9. Timon of Athens. Coriolanus. The winter's tale. The tempest.--v. 10. Titus Andronicus. Perocles. Poems. Sonnets. 7aEnglish dramayEarly modern and Elizabethan, 1500-1600.2BUEsh 2BUEsh bHHUUEENNcMay2021 vReading book934232 cBBk813Sh1522ddc 00102ddc40708Donation-GaMAINbMAINc2NDd2014-03-07eDonationl1m3o822.33 SHAp000001218r2025-07-15 00:00:00s2010-10-31w2007-03-14yBB